every phoebe bridgers song - Statistics

General Stats
  • This quiz has been taken 297 times
  • The average score is 16 of 30
Answer Stats
Hint Answer % Correct
Motion Sickness
87%
Georgia
83%
Georgia
83%
Funeral
81%
2015 Single Killer
78%
Killer
78%
Stranger in the Alps Smoke Signals
77%
Scott Street
75%
Chelsea
71%
Demi Moore
67%
Me & My Dog
67%
Lost Ark Studio Compilation Vol 8 Waiting Room
63%
Ketchum, ID
59%
Would You Rather
57%
Salt In The Wound
55%
boygenius Bite The Hand
54%
Souvenir
51%
Dylan Thomas
48%
2020 Single Garden Song
48%
Steamroller
46%
Stay Down
43%
Better Oblivion Community Center Didn’t Know What I Was In For
34%
My City
34%
Chesapeake
33%
Sleepwalkin’
31%
Big Black Heart
25%
Forest Lawn
23%
Service Road
23%
Exception to the Rule
22%
2019 Single Little Trouble
14%
No matching quizzes found
Score Distribution
Percent of People with Each Score
Percentile by Number Answered
Your Score History
You have not taken this quiz